[Event "Detroit (Class C/4/19)"]
[Site "?"]
[Date "1994.??.??"]
[Round "?"]
[White "Iyer, Krishnan"]
[Black "Nowicki, B."]
[Result "0-1"]
[WhiteElo "1605"]
[BlackElo "1605"]
[PlyCount "70"]
[EventDate "1994.??.??"]

{4/(19)} 1. e4 e5 2. Nf3 Nc6 3. Bb5 d6 4. O-O Bd7 5. d4 a6 6. Ba4 b5 7. Bb3 Bg4
8. Bd5 Nge7 9. Bxc6+ Nxc6 10. d5 Nd4 11. c3 Nxf3+ 12. gxf3 Bh5 13. Qd3 Qf6 14.
Nd2 g6 15. a4 Bh6 16. Re1 Bf4 17. Nf1 Bxc1 18. Raxc1 bxa4 19. Re3 O-O 20. Ra1
Qf4 21. Ng3 Qg5 22. Kh1 f5 23. exf5 gxf5 24. Ne2 Bg6 25. Qc4 f4 26. Rg1 Qh4 27.
Rd3 Kh8 28. Rdd1 Qxf2 29. Rdf1 Qb6 30. Rg2 Qc5 31. Qxc5 dxc5 32. Rg5 Bd3 33.
Rf2 e4 34. fxe4 Bxe4+ 35. Kg1 Rg8 0-1

[Event "Trenton (Oct)"]
[Site "?"]
[Date "1994.??.??"]
[Round "?"]
[White "Iyer, Krishnan"]
[Black "McGinniss, M."]
[Result "1-0"]
[WhiteElo "1605"]
[BlackElo "1605"]
[PlyCount "61"]
[EventDate "1994.??.??"]

1. e4 c5 2. Nf3 Nc6 3. d4 cxd4 4. Nxd4 d6 5. Nc3 a6 6. f4 Nf6 7. Nxc6 bxc6 8.
Be2 Qb6 9. b3 Bb7 10. Qd3 e5 11. Ba3 O-O-O 12. O-O-O exf4 13. Qf3 c5 14. Qxf4
Re8 15. Bf3 Be7 16. Bb2 Rhg8 17. Nd5 Nxd5 18. exd5 h6 19. Kb1 f6 20. Bg4+ Kb8
21. Be6 g5 22. Qf5 Bc8 23. Qf3 Bxe6 24. dxe6 Qb7 25. Rhf1 Qxf3 26. Rxf3 g4 27.
Rf5 Rg5 28. Rdf1 Rf8 29. Bc1 Rxf5 30. Rxf5 Kc7 31. Bxh6 1-0

[Event "Eastpointe (US Am N/4/25)"]
[Site "?"]
[Date "1994.??.??"]
[Round "?"]
[White "Iyer, Krishnan"]
[Black "McGary, F."]
[Result "1-0"]
[WhiteElo "1605"]
[BlackElo "1725"]
[PlyCount "79"]
[EventDate "1994.??.??"]

{4/(25)} 1. e4 c5 2. Nf3 d6 3. d4 cxd4 4. Nxd4 Nf6 5. Nc3 a6 6. f4 Qc7 7. Bd2
Nbd7 8. Nf3 g6 9. Be2 Bg7 10. Qc1 O-O 11. O-O e6 12. Rb1 b5 13. b4 Bb7 14. Bd3
Rac8 15. Rb3 Nb6 16. e5 dxe5 17. Nxe5 Nfd7 18. Qe1 Nxe5 19. fxe5 Bxe5 20. h3
Bg7 21. Ne4 Qc6 22. Qe2 Nd5 23. Nc5 Ba8 24. c3 Qd6 25. Ra3 Nc7 26. Be1 f5 27.
c4 f4 28. Be4 Bd4+ 29. Bf2 Bxf2+ 30. Rxf2 Bxe4 31. Qxe4 bxc4 32. Qxc4 Nb5 33.
Rd3 Qe5 34. Qxe6+ Qxe6 35. Nxe6 Rf6 36. Nxf4 Rc1+ 37. Kh2 g5 38. Rd8+ Kg7 39.
Nh5+ Kg6 40. Nxf6 1-0

[Event "Novi (Oct)"]
[Site "?"]
[Date "1994.??.??"]
[Round "?"]
[White "Iyer, Krishnan"]
[Black "Lauer, R."]
[Result "1-0"]
[WhiteElo "1605"]
[BlackElo "1605"]
[PlyCount "101"]
[EventDate "1994.??.??"]

1. d4 g6 2. g3 Bg7 3. Bg2 e6 4. e4 Ne7 5. Nc3 O-O 6. f4 d5 7. e5 Nbc6 8. Nf3
Nf5 9. g4 Nh4 10. Qd2 b6 11. g5 Nxg2+ 12. Qxg2 Ne7 13. Ne2 Nf5 14. h4 Bb7 15.
h5 c5 16. c3 a5 17. hxg6 fxg6 18. Qh3 Kf7 19. Qg4 Rh8 20. Rg1 c4 21. Bd2 Rc8
22. O-O-O b5 23. Nh4 Qe7 24. Nxf5 exf5 25. Qg3 b4 26. Qe3 Ke6 27. Rg3 Rc6 28.
Rh1 bxc3 29. Bxc3 a4 30. a3 Kd7 31. Bb4 Qe6 32. Rgh3 Qg8 33. Qg3 Ke6 34. Qh2 h5
35. gxh6 Bf8 36. Bxf8 Qxf8 37. h7 Qg7 38. Rh6 Kf7 39. Qg3 Bc8 40. Nc3 Be6 41.
Nxa4 Ra6 42. Nc5 Rc6 43. Qg5 Bc8 44. Qg3 Rb6 45. Qg2 Qf8 46. Qxd5+ Kg7 47. Qxc4
Rc6 48. b4 Qe8 49. d5 Rc7 50. e6 Ba6 51. Qd4+ 1-0

[Event "Flint (MI Senior/1/4)"]
[Site "?"]
[Date "1994.??.??"]
[Round "?"]
[White "Iyer, Krishnan"]
[Black "LaForge, Tom"]
[Result "0-1"]
[WhiteElo "1605"]
[BlackElo "1980"]
[PlyCount "60"]
[EventDate "1994.??.??"]

{1/(4)} 1. e4 e6 2. d4 d5 3. e5 c5 4. c3 Qb6 5. Qb3 Qxb3 6. axb3 cxd4 7. cxd4
Nc6 8. Ne2 Nb4 9. Kd2 Nh6 10. h3 Nf5 11. Na3 Bd7 12. g4 Nh4 13. Nc3 Be7 14. f4
O-O 15. Ke3 f6 16. Bd2 fxe5 17. dxe5 Ng6 18. Ne2 Nxe5 19. Bxb4 Nxg4+ 20. hxg4
Bxb4 21. Nd4 g5 22. f5 exf5 23. Nxf5 Rae8+ 24. Kd4 Re4+ 25. Kd3 Bxf5 26. gxf5
Rxf5 27. Bg2 Rg4 28. Bh3 Rg3+ 29. Ke2 Re5+ 30. Kd1 Rxh3 0-1

[Event "Romulus (RVO/5/11)"]
[Site "?"]
[Date "1994.??.??"]
[Round "?"]
[White "Iyer, Krishnan"]
[Black "Jarosz, Stan"]
[Result "0-1"]
[WhiteElo "1605"]
[BlackElo "2095"]
[PlyCount "86"]
[EventDate "1994.??.??"]

{5/(11)} 1. d4 d5 2. Nf3 Nf6 3. e3 Bf5 4. c4 e6 5. c5 Be7 6. Be2 O-O 7. O-O b6
8. b4 a5 9. bxa5 bxc5 10. Bd2 c4 11. Bc3 Ne4 12. Qa4 c5 13. a3 Nxc3 14. Nxc3
Qxa5 15. Qxa5 Rxa5 16. dxc5 Bxc5 17. a4 Nc6 18. Nh4 Bc2 19. Bd1 Bxd1 20. Rfxd1
Rfa8 21. Rdb1 Be7 22. Nf3 Bf6 23. Rc1 Ne5 24. Nd4 Nd3 25. Rcb1 Nc5 26. Rb5 Bxd4
27. Rxa5 Rxa5 28. exd4 Nb3 29. Rd1 Kf8 30. Kf1 Ra7 31. Ke2 Rb7 32. Nb5 Ke7 33.
f4 Kd7 34. Ke3 Rb8 35. g4 Ra8 36. Nc3 Kc6 37. f5 exf5 38. gxf5 Re8+ 39. Kf4 g6
40. Kg5 Re3 41. Nb5 c3 42. Kf4 Re4+ 43. Kf3 c2 0-1

[Event "Detroit (Class C/2/15)"]
[Site "?"]
[Date "1994.??.??"]
[Round "?"]
[White "Iyer, Krishnan"]
[Black "Haygood, Norman"]
[Result "1-0"]
[WhiteElo "1605"]
[BlackElo "1605"]
[PlyCount "89"]
[EventDate "1994.??.??"]

{2/(15)} 1. e4 e5 2. f4 exf4 3. Nf3 Bc5 4. d4 Bb6 5. Bxf4 d5 6. exd5 Qxd5 7.
Nc3 Qd8 8. Bc4 Qe7+ 9. Qe2 Qxe2+ 10. Nxe2 Be6 11. Bxe6 fxe6 12. Be5 Nf6 13. Ng5
Ke7 14. Nf4 Nc6 15. Ngxe6 Nxe5 16. dxe5 Ng4 17. c4 Nxe5 18. b3 Nd3+ 19. Nxd3
Kxe6 20. c5 Ba5+ 21. b4 Bxb4+ 22. Nxb4 Rad8 23. Rd1 Rxd1+ 24. Kxd1 Rd8+ 25. Kc2
Rd4 26. Re1+ Kf7 27. Kc3 Rf4 28. Re2 c6 29. Nd3 Rf1 30. Rf2+ Rxf2 31. Nxf2 Ke6
32. Kd4 b5 33. cxb6 axb6 34. Ne4 h6 35. a4 g5 36. g4 c5+ 37. Nxc5+ bxc5+ 38.
Kxc5 Ke5 39. a5 Kf4 40. a6 Kxg4 41. a7 Kh3 42. a8=Q Kxh2 43. Qf3 Kg1 44. Qg3+
Kf1 45. Qh3+ 1-0

[Event "Detroit (MOR/2/48)"]
[Site "?"]
[Date "1994.??.??"]
[Round "?"]
[White "Iyer, Krishnan"]
[Black "Fuson, R."]
[Result "1-0"]
[WhiteElo "1605"]
[BlackElo "1605"]
[PlyCount "113"]
[EventDate "1994.??.??"]

{2/(48)} 1. d4 d5 2. Nf3 Nf6 3. e3 Nc6 4. Bd3 e6 5. O-O Bd6 6. Nbd2 Bd7 7. a3
Qe7 8. Re1 Ng4 9. e4 Nxd4 10. Nxd4 Bxh2+ 11. Kf1 Qh4 12. Qf3 O-O 13. g3 Bxg3
14. Qxg3 Qxg3 15. fxg3 c6 16. exd5 cxd5 17. N2f3 g6 18. Ne5 Nxe5 19. Rxe5 f6
20. Re2 Rae8 21. Bh6 Rf7 22. Rae1 Rfe7 23. Bd2 e5 24. Bb5 Bxb5 25. Nxb5 a6 26.
Nd4 e4 27. Bc3 Kf7 28. Kg2 f5 29. Bd2 Kf6 30. Bb4 Re5 31. Bd6 g5 32. Bxe5+ Kxe5
33. c3 f4 34. gxf4+ gxf4 35. Rh1 f3+ 36. Nxf3+ Kf4 37. Nd4 Rg8+ 38. Kf1 Rg3 39.
Rxh7 b5 40. Rh4+ Ke5 41. Rh5+ Kf4 42. Rxd5 Rf3+ 43. Nxf3 exf3 44. Rf2 Ke4 45.
Rd6 a5 46. Rf6 Kd5 47. R6xf3 Kc4 48. b4 a4 49. Rb2 Kd5 50. Ke2 Kc4 51. Rf4+ Kd5
52. Kd3 Kc6 53. Rg2 Kd5 54. Rg5+ Kc6 55. Rf6+ Kd7 56. Rg7+ Ke8 57. Ra7 1-0

[Event "Eastpointe (US Am N/1b/4)"]
[Site "?"]
[Date "1994.??.??"]
[Round "?"]
[White "Iyer, Krishnan"]
[Black "Fuller, William"]
[Result "0-1"]
[WhiteElo "1605"]
[BlackElo "2005"]
[PlyCount "90"]
[EventDate "1994.??.??"]

1. d4 Nf6 2. Nf3 c5 3. e3 e6 4. Bd3 b6 5. O-O Bb7 6. Nbd2 d5 7. c4 Nbd7 8. Qa4
Bd6 9. Re1 O-O 10. e4 dxe4 11. Nxe4 Nxe4 12. Bxe4 Bxe4 13. Rxe4 Qc7 14. Rh4
cxd4 15. Nxd4 Be7 16. Bf4 e5 17. Nb5 Qc6 18. Bg3 Bxh4 19. Bxh4 Nc5 20. Qa3 Qe4
21. Be7 Rfb8 22. Bxc5 Qxc4 23. Bd6 Qxb5 24. Bxb8 Rxb8 25. Rc1 a5 26. Qc3 g6 27.
Re1 Rd8 28. h4 f6 29. g4 Qd7 30. f3 Qd4+ 31. Kg2 Qxc3 32. bxc3 Rd2+ 33. Kg3
Rxa2 34. Rb1 Rc2 35. Rxb6 Rxc3 36. Rb8+ Kf7 37. Rb7+ Ke6 38. Rb6+ Ke7 39. Rb7+
Kd6 40. Rxh7 Rc7 41. Rh6 Ra7 42. Rxg6 a4 43. Rxf6+ Kc5 44. g5 a3 45. g6 a2 0-1

[Event "Detroit (MOR/6/39)"]
[Site "?"]
[Date "1994.??.??"]
[Round "?"]
[White "Iyer, Krishnan"]
[Black "Card, A."]
[Result "1-0"]
[WhiteElo "1605"]
[BlackElo "1605"]
[PlyCount "65"]
[EventDate "1994.??.??"]

{6/(39)} 1. e4 c5 2. Nc3 d6 3. Nf3 Nc6 4. d4 cxd4 5. Nxd4 Nf6 6. f4 Bg4 7. Nf3
e5 8. f5 Nd4 9. h3 Bxf3 10. gxf3 Nh5 11. Be3 Qh4+ 12. Kd2 g6 13. Bxd4 Bh6+ 14.
Be3 Qf2+ 15. Qe2 Bxe3+ 16. Kd1 Qxe2+ 17. Kxe2 Ng3+ 18. Kxe3 Nxh1 19. Bb5+ Ke7
20. Rxh1 a6 21. Nd5+ Kd8 22. Bd3 Rc8 23. f6 b5 24. b4 Re8 25. Ra1 Rc6 26. a4
Kc8 27. Ne7+ Kd7 28. Nxc6 Kxc6 29. axb5+ axb5 30. Ra6+ Kc7 31. Bxb5 Re6 32.
Rc6+ Kb7 33. c4 1-0

[Event "Detroit (MOR/4/48)"]
[Site "?"]
[Date "1994.??.??"]
[Round "?"]
[White "Iyer, Krishnan"]
[Black "Biondo, Anthony"]
[Result "1-0"]
[WhiteElo "1605"]
[BlackElo "1605"]
[PlyCount "59"]
[EventDate "1994.??.??"]

{4/(48)} 1. e4 e5 2. f4 Nc6 3. Nf3 d6 4. Bc4 h6 5. d3 Bg4 6. O-O Nd4 7. fxe5
dxe5 8. Bxf7+ Kd7 9. Nxe5+ Kc8 10. Qxg4+ Kb8 11. Nd7+ Kc8 12. Nxf8+ Kb8 13.
Nd7+ Kc8 14. Nc5+ Kb8 15. Na3 Nf6 16. Rxf6 gxf6 17. Nd7+ Kc8 18. Nb6+ Kb8 19.
Nxa8 Kxa8 20. Be3 Rf8 21. Bb3 Nxb3 22. axb3 Rg8 23. Qf3 c6 24. Nc4 Qd7 25. Nb6+
Kb8 26. Nxd7+ Kc8 27. Qf5 Kd8 28. Nxf6 Ke7 29. Nxg8+ Kd6 30. Bf4# 1-0

[Event "Detroit (MI Op/1b/12)"]
[Site "?"]
[Date "1994.??.??"]
[Round "?"]
[White "Iverson, B."]
[Black "VanLoon, C."]
[Result "0-1"]
[WhiteElo "1645"]
[BlackElo "1950"]
[PlyCount "62"]
[EventDate "1994.??.??"]

1. d4 e6 2. e4 d5 3. e5 c5 4. c3 Nc6 5. Nf3 Nge7 6. Be2 Nf5 7. Na3 cxd4 8. cxd4
Bb4+ 9. Kf1 a6 10. Nc2 Ba5 11. a3 O-O 12. g4 Nfe7 13. h4 Qc7 14. h5 f6 15. Bf4
fxe5 16. Bxe5 Nxe5 17. Nxe5 Nc6 18. Nxc6 bxc6 19. b4 Qf4 20. f3 Bb6 21. Kg2 Ra7
22. Qd3 Raf7 23. Rad1 e5 24. Rhf1 exd4 25. Rh1 Bxg4 26. fxg4 Qf2+ 27. Kh3 Rf3+
28. Bxf3 Rxf3+ 29. Qxf3 Qxf3+ 30. Kh2 Bc7+ 31. Kg1 Qxd1+ 0-1

[Event "Detroit (Class B/2/9)"]
[Site "?"]
[Date "1994.??.??"]
[Round "?"]
[White "Iverson, B."]
[Black "Vaka, Flamur"]
[Result "1-0"]
[WhiteElo "1610"]
[BlackElo "1735"]
[PlyCount "55"]
[EventDate "1994.??.??"]

{2/(9)} 1. d4 Nf6 2. Nf3 e6 3. c4 d6 4. Nc3 Nbd7 5. e4 Be7 6. Bd3 e5 7. h3 O-O
8. Be3 exd4 9. Nxd4 Ne5 10. Be2 Be6 11. b3 Ned7 12. Qc2 c6 13. O-O Rc8 14. f4
Nb6 15. Rad1 d5 16. e5 Nfd7 17. f5 Bxf5 18. Nxf5 Nxe5 19. Qb2 Bf6 20. Bc5 Re8
21. Nd6 Qc7 22. Nxc8 Rxc8 23. Qc2 dxc4 24. Bd6 cxb3 25. axb3 Qd7 26. Bxe5 Qe6
27. Bxf6 gxf6 28. Ne4 1-0

[Event "Detroit (Class B/4/4)"]
[Site "?"]
[Date "1994.??.??"]
[Round "?"]
[White "Iverson, B."]
[Black "Johnston, R."]
[Result "0-1"]
[WhiteElo "1610"]
[BlackElo "1745"]
[PlyCount "90"]
[EventDate "1994.??.??"]

{4/(4)} 1. d4 Nf6 2. Nf3 g6 3. c4 Bg7 4. Nc3 O-O 5. e4 d6 6. Bg5 h6 7. Bh4 c6
8. h3 Nh5 9. Qc2 Qc7 10. g4 Nf4 11. Bg3 e5 12. Qd2 g5 13. Bxf4 exf4 14. Be2 Re8
15. Qd3 Nd7 16. h4 f6 17. O-O-O Nf8 18. hxg5 fxg5 19. Nd2 Bd7 20. Kb1 a5 21.
Na4 b5 22. cxb5 cxb5 23. Rc1 Qb7 24. Qb3+ Ne6 25. e5 Bc6 26. Rxc6 Qxc6 27. Bf3
bxa4 28. Bxc6 axb3 29. Nxb3 a4 30. Nd2 dxe5 31. dxe5 Nd4 32. Bxa8 Rxa8 33. Nc4
Kh7 34. Rd1 Nf3 35. e6 Re8 36. Rd6 Nh2 37. b4 axb3 38. axb3 Nxg4 39. b4 Nxf2
40. b5 Ne4 41. Ra6 Nc5 42. Rc6 Nxe6 43. b6 Nd8 44. Rc8 Rf8 45. Nd6 f3 0-1

[Event "Detroit (MI Op/5/40)"]
[Site "?"]
[Date "1994.??.??"]
[Round "?"]
[White "Iverson, B."]
[Black "Almquist, W."]
[Result "0-1"]
[WhiteElo "1645"]
[BlackElo "1875"]
[PlyCount "32"]
[EventDate "1994.??.??"]

{5/(40)} 1. d4 d5 2. Nc3 e6 3. Nf3 c5 4. Bf4 a6 5. e4 Nc6 6. e5 cxd4 7. Nxd4
Bb4 8. Qd2 Nge7 9. a3 Bxc3 10. Qxc3 Bd7 11. Bd3 Rc8 12. Qd2 Nxd4 13. O-O Ndc6
14. Qe2 Ng6 15. Bxg6 fxg6 16. c3 O-O 0-1

[Event "Detroit (Beg/3/11)"]
[Site "?"]
[Date "1994.??.??"]
[Round "?"]
[White "Huizar, F."]
[Black "Prince, S."]
[Result "0-1"]
[WhiteElo "1605"]
[BlackElo "1605"]
[PlyCount "60"]
[EventDate "1994.??.??"]

{3/(11)} 1. e4 Nc6 2. Bc4 e5 3. Qf3 Nf6 4. Bb3 Nd4 5. Qc3 b6 6. Qc4 d5 7. Qb5+
Nxb5 8. Nf3 Bd6 9. exd5 e4 10. Nh4 Ng4 11. O-O Qxh4 12. h3 Bc5 13. c4 Bxf2+ 14.
Kh1 Bc5 15. cxb5 Bb7 16. Nc3 O-O-O 17. Nxe4 Bxd5 18. d3 Nf2+ 19. Rxf2 Bxf2 20.
Bg5 Qxg5 21. Nxg5 Bxb3 22. Nxf7 Bxf7 23. Rf1 Bg3 24. Rxf7 Rhf8 25. Rxf8 Rxf8
26. Kg1 Rf2 27. d4 Rxb2 28. Kf1 Rf2+ 29. Kg1 Rxa2 30. d5 Ra1# 0-1

[Event "Detroit (MCO/DEU/3a/2)"]
[Site "?"]
[Date "1994.??.??"]
[Round "?"]
[White "Hudy, M."]
[Black "Williams, Claude"]
[Result "0-1"]
[WhiteElo "1605"]
[BlackElo "1605"]
[PlyCount "86"]
[EventDate "1994.??.??"]

1. e4 c5 2. Nf3 Nc6 3. d4 cxd4 4. Nxd4 g6 5. Be3 Nf6 6. Nc3 Bg7 7. Qd2 O-O 8.
f3 Qa5 9. Bc4 Qb4 10. Bb3 Nxe4 11. fxe4 Nxd4 12. Bxd4 Qxd4 13. O-O-O Qxd2+ 14.
Kxd2 d6 15. h3 Kh8 16. Kc1 Bd7 17. Rhf1 f5 18. exf5 Bxf5 19. Rf3 Bd7 20. Rdf1
Rxf3 21. Rxf3 Rf8 22. Bd5 Rxf3 23. Bxf3 Bc6 24. Bxc6 bxc6 25. Ne4 Be5 26. c4 a5
27. Kc2 d5 28. cxd5 cxd5 29. Nc5 Kg7 30. b3 Kh6 31. Nb7 Bc7 32. Kb2 e5 33. Kc3
Kg5 34. Nc5 Kf5 35. a3 Bd6 36. b4 axb4+ 37. Kxb4 e4 38. g4+ Ke5 39. Kb5 Bxc5
40. Kxc5 e3 41. a4 e2 42. a5 e1=Q 43. h4 Qxa5+ 0-1

[Event "Warren (Warmup"]
[Site "?"]
[Date "1994.??.??"]
[Round "?"]
[White "Hudy, M."]
[Black "Ross, A."]
[Result "1-0"]
[WhiteElo "1605"]
[BlackElo "1605"]
[PlyCount "87"]
[EventDate "1994.??.??"]

1. d4 Nf6 2. Bg5 g6 3. Nf3 Bg7 4. e3 d6 5. Bd3 c5 6. c3 Nbd7 7. Nbd2 O-O 8. e4
Qe8 9. O-O Ng4 10. Re1 e6 11. b4 cxd4 12. cxd4 b6 13. Rc1 Bb7 14. Nc4 f6 15.
Nxd6 Qb8 16. Bf4 e5 17. Qb3+ Kh8 18. Nf7+ Rxf7 19. Qxf7 Qd6 20. Bg3 Nh6 21. Qb3
Nf8 22. Rc2 Bc8 23. Rec1 Be6 24. Bc4 Bg4 25. dxe5 fxe5 26. Rd2 Qc7 27. Rcc2 Rd8
28. Rxd8 Qxd8 29. Rd2 Qa8 30. Bd5 Qc8 31. Rc2 Qd8 32. Bxe5 Bxe5 33. Nxe5 Bd1
34. Qc3 Qf6 35. Nxg6+ Kg7 36. Qxf6+ Kxf6 37. Rc6+ Kg7 38. Nxf8 Nf7 39. Ne6+ Kf6
40. Nd8+ Ke7 41. Nxf7 Bg4 42. Rc7+ Bd7 43. Rxa7 h5 44. Ne5 1-0

[Event "Detroit (MCO/DEU/4/8)"]
[Site "?"]
[Date "1994.??.??"]
[Round "?"]
[White "Hudy, M."]
[Black "Henkel, Scott"]
[Result "0-1"]
[WhiteElo "1605"]
[BlackElo "1605"]
[PlyCount "84"]
[EventDate "1994.??.??"]

{4/(8)} 1. e4 d6 2. Nf3 Nf6 3. Nc3 g6 4. d4 Bg7 5. Be3 O-O 6. Qd2 Ng4 7. h3
Nxe3 8. Qxe3 Nd7 9. O-O-O Nf6 10. e5 Ne8 11. Bc4 Bf5 12. g4 Be6 13. d5 Bd7 14.
e6 fxe6 15. dxe6 Bc6 16. Bd5 Bxd5 17. Nxd5 Nf6 18. Nxf6+ Rxf6 19. Kb1 c5 20. g5
Rf5 21. h4 Qb6 22. c3 Raf8 23. Rh3 Qc6 24. Nd2 Rxf2 25. Ne4 Rg2 26. Rf3 Rg4 27.
Rxf8+ Bxf8 28. Ng3 Bg7 29. Qf2 Qe8 30. Rf1 Be5 31. Qf7+ Qxf7 32. exf7+ Kf8 33.
Ne2 Rxh4 34. a3 Rg4 35. b4 cxb4 36. cxb4 Rxg5 37. Rc1 Kxf7 38. Rc7 h5 39. Rxb7
Rg2 40. Rxa7 Rxe2 41. Kc1 h4 42. Ra8 h3 0-1

[Event "Warren (Warmup"]
[Site "?"]
[Date "1994.??.??"]
[Round "?"]
[White "Hudy, M."]
[Black "Hartwig, Thomas"]
[Result "0-1"]
[WhiteElo "1605"]
[BlackElo "1605"]
[PlyCount "90"]
[EventDate "1994.??.??"]

1. e4 c5 2. Nf3 d6 3. d4 cxd4 4. Nxd4 Nf6 5. Nc3 g6 6. Be3 Nc6 7. f3 Bg7 8. Qd2
O-O 9. O-O-O Nxd4 10. Bxd4 Be6 11. Be3 Qa5 12. Kb1 Rfc8 13. Bh6 Rxc3 14. b3 Rc5
15. Bxg7 Qxd2 16. Rxd2 Kxg7 17. c4 Rac8 18. h4 Bd7 19. g4 b5 20. Bd3 bxc4 21.
Bxc4 Bb5 22. Bxb5 Rxb5 23. Rc1 Rxc1+ 24. Kxc1 Nd7 25. Rc2 Rc5 26. b4 Rxc2+ 27.
Kxc2 Kf6 28. f4 e5 29. f5 Nb6 30. Kc3 d5 31. exd5 Nxd5+ 32. Kc4 Ne3+ 33. Kc5
gxf5 34. gxf5 Nxf5 35. a4 Nd6 36. a5 Nc8 37. b5 e4 38. Kd4 Kf5 39. Ke3 Ke5 40.
h5 Nb6 41. axb6 axb6 42. h6 f5 43. Ke2 Kf4 44. Kf2 Kg5 45. Ke3 Kxh6 0-1

[Event "Detroit (MCO/DEU/7/6)"]
[Site "?"]
[Date "1994.??.??"]
[Round "?"]
[White "Hudy, M."]
[Black "Ashton, Jeff"]
[Result "0-1"]
[WhiteElo "1605"]
[BlackElo "1605"]
[PlyCount "50"]
[EventDate "1994.??.??"]

{7/(6)} 1. d4 Nf6 2. Nf3 d5 3. Bg5 Ne4 4. Bf4 c5 5. c3 cxd4 6. Nxd4 Nd7 7. Qa4
Nec5 8. Nb5 Nxa4 9. Nc7+ Qxc7 10. Bxc7 Nxb2 11. e3 e5 12. f4 e4 13. f5 Bc5 14.
Bf4 Nf6 15. Be2 Bxf5 16. O-O h6 17. Bxh6 Rxh6 18. Rxf5 Bxe3+ 19. Kh1 O-O-O 20.
Na3 Rdh8 21. h3 Nh5 22. Bxh5 Rxh5 23. Rxf7 Nd3 24. Raf1 Nf4 25. Nc2 Rxh3+ 0-1

[Event "Detroit (Class C/1/7)"]
[Site "?"]
[Date "1994.??.??"]
[Round "?"]
[White "Horn, K."]
[Black "Osebold, J."]
[Result "1-0"]
[WhiteElo "1605"]
[BlackElo "1605"]
[PlyCount "85"]
[EventDate "1994.??.??"]

{1/(7)} 1. d4 c6 2. c4 d5 3. Nf3 Nd7 4. Nc3 Ngf6 5. Bg5 e6 6. a3 Be7 7. e3 Ng4
8. Bxe7 Qxe7 9. h3 Nxf2 10. Kxf2 Qf6 11. Qd2 O-O 12. Kg1 Re8 13. Kh2 e5 14. Rg1
e4 15. Ne1 Nf8 16. cxd5 cxd5 17. Nxd5 Qd6+ 18. Nf4 Ng6 19. g3 Nxf4 20. gxf4 Re6
21. Be2 Rh6 22. Bg4 f5 23. Bd1 Bd7 24. Bb3+ Kh8 25. Nc2 Qe7 26. Rg5 Be8 27.
Rag1 Rg6 28. Qb4 Qf6 29. Rxg6 Bxg6 30. Qxb7 Rf8 31. Qxa7 Qh4 32. a4 h6 33. Rxg6
Qf2+ 34. Rg2 Qxg2+ 35. Kxg2 Kh7 36. d5 h5 37. d6 h4 38. d7 Rf6 39. d8=Q Rg6+
40. Kf2 Rg3 41. Qg8+ Kh6 42. Qh8+ Kg6 43. Qf7# 1-0

[Event "Detroit (Class C/5/9)"]
[Site "?"]
[Date "1994.??.??"]
[Round "?"]
[White "Horn, K."]
[Black "McFolley, John"]
[Result "1-0"]
[WhiteElo "1605"]
[BlackElo "1605"]
[PlyCount "77"]
[EventDate "1994.??.??"]

{5/(9)} 1. d4 Nf6 2. c4 e6 3. Nc3 d5 4. Nf3 Bb4 5. e3 c5 6. dxc5 Bxc3+ 7. bxc3
Qa5 8. Qc2 Qxc5 9. cxd5 Qxd5 10. Be2 O-O 11. O-O Nc6 12. Rd1 Qh5 13. Nd4 Nxd4
14. cxd4 Qd5 15. Bf3 Qd6 16. Rd3 e5 17. Ba3 Qe6 18. dxe5 Qxe5 19. Rb1 Rb8 20.
Bd6 Qa5 21. Bxb8 Bf5 22. e4 Nxe4 23. Bxe4 Bxe4 24. Bf4 Qf5 25. Qd2 b6 26. Rd8
g5 27. Rxf8+ Kxf8 28. Bd6+ Kg7 29. Rc1 Qg4 30. Bg3 Ba8 31. f3 Qf5 32. Qc3+ Kh6
33. Qc8 Qd5 34. Bf2 f5 35. Re1 Kg7 36. Re7+ Kf6 37. Qf8+ Kg6 38. Qg7+ Kh5 39.
Qxh7# 1-0

[Event "Detroit (Class C/3/10)"]
[Site "?"]
[Date "1994.??.??"]
[Round "?"]
[White "Horn, K."]
[Black "Iyer, Krishnan"]
[Result "1-0"]
[WhiteElo "1605"]
[BlackElo "1605"]
[PlyCount "53"]
[EventDate "1994.??.??"]

{3/(10)} 1. d4 d5 2. c4 dxc4 3. Nc3 c6 4. Nf3 Nf6 5. e3 b5 6. a4 Bd7 7. axb5
cxb5 8. Ne5 Qb6 9. b3 cxb3 10. Qxb3 e6 11. Bxb5 Bxb5 12. Qxb5+ Nbd7 13. Qxb6
Nxb6 14. Nb5 Nfd5 15. Rxa7 Bb4+ 16. Bd2 Rc8 17. O-O Bxd2 18. Nd6+ Kf8 19. Rxf7+
Kg8 20. Nxc8 Nxc8 21. Rd7 h5 22. Rd1 Bb4 23. Nf7 Rh7 24. Ng5 Rh6 25. Rd8+ Bf8
26. Rxc8 g6 27. Nxe6 1-0

[Event "Detroit (Class C/2/8)"]
[Site "?"]
[Date "1994.??.??"]
[Round "?"]
[White "Hooks, Jerry"]
[Black "Solski, Jeff"]
[Result "1-0"]
[WhiteElo "1605"]
[BlackElo "1605"]
[PlyCount "75"]
[EventDate "1994.??.??"]

{2/(8)} 1. c4 Nf6 2. g3 g6 3. Bg2 Bg7 4. Nf3 O-O 5. O-O c5 6. Nc3 Nc6 7. d3 d6
8. Bg5 h6 9. Bd2 Be6 10. Qc1 Kh7 11. e3 Qd7 12. Re1 Rh8 13. Ne2 Bh3 14. Bh1 e5
15. Bc3 Ng4 16. d4 Qf5 17. Qb1 e4 18. Nf4 Nxf2 19. Kxf2 cxd4 20. exd4 Rae8 21.
Nxh3 Qxh3 22. Rxe4 Nxd4 23. Bxd4 Qf5 24. Rf4 Bxd4+ 25. Rxd4 Qc5 26. b3 Re6 27.
Kg2 Re2+ 28. Kf1 Rhe8 29. Qd3 Qb6 30. Qxe2 Rxe2 31. Kxe2 g5 32. Rad1 g4 33.
Rxg4 d5 34. Rxd5 Qe6+ 35. Ne5 f6 36. a4 h5 37. Rd7+ Kh6 38. Rg6# 1-0

[Event "Detroit (Class C/3/4)"]
[Site "?"]
[Date "1994.??.??"]
[Round "?"]
[White "Hooks, Jerry"]
[Black "Elliott, J."]
[Result "1-0"]
[WhiteElo "1605"]
[BlackElo "1605"]
[PlyCount "113"]
[EventDate "1994.??.??"]

{3/(4)} 1. c4 c5 2. Nc3 g6 3. g3 Bg7 4. Bg2 Nf6 5. e3 d6 6. Nge2 O-O 7. O-O Nc6
8. d4 cxd4 9. exd4 e6 10. Bg5 h6 11. Bd2 a6 12. Qc1 Kh7 13. d5 exd5 14. Nxd5
Nxd5 15. Bxd5 Bh3 16. Re1 Ne5 17. Nf4 Qd7 18. Bc3 Rac8 19. Bxe5 dxe5 20. Nxh3
Qxh3 21. Bxb7 Rb8 22. Bxa6 e4 23. Bb5 Qf5 24. Qf4 Bxb2 25. Qxf5 gxf5 26. Rab1
Bd4 27. a4 Ra8 28. Red1 Rfd8 29. Kf1 Ra7 30. Rd2 Bb6 31. Rxd8 Bxd8 32. Rd1 Be7
33. Rd5 Rc7 34. Rxf5 Kg6 35. g4 Rc5 36. Rxc5 Bxc5 37. Bd7 Kg5 38. a5 f6 39. a6
h5 40. gxh5 Kxh5 41. Bf5 e3 42. fxe3 Bxe3 43. Ke2 Ba7 44. Kf3 Kg5 45. Ke4 Bb6
46. Bd7 Ba7 47. Kd5 f5 48. c5 f4 49. c6 f3 50. c7 f2 51. Bb5 Kf4 52. c8=Q Kf3
53. Qf8+ Kg2 54. Qg7+ Kh1 55. Qxa7 f1=Q 56. Bxf1 Kxh2 57. Qg7 1-0

[Event "Detroit (MOR/5/46)"]
[Site "?"]
[Date "1994.??.??"]
[Round "?"]
[White "Holland, K."]
[Black "Schafer, Jurgen"]
[Result "0-1"]
[WhiteElo "1605"]
[BlackElo "1605"]
[PlyCount "100"]
[EventDate "1994.??.??"]

{5/(46)} 1. d4 d5 2. Nf3 Nf6 3. Bg5 Nbd7 4. Nbd2 e6 5. e3 c5 6. c3 cxd4 7. exd4
Bd6 8. Bd3 O-O 9. O-O Qc7 10. Re1 b6 11. Qc2 h6 12. Bh4 Re8 13. Bb5 Bb7 14.
Bxf6 Nxf6 15. Bxe8 Rxe8 16. h3 Ba6 17. Qa4 Bd3 18. Rad1 b5 19. Qa6 Rb8 20. Ne5
Bh7 21. Qc6 Bxe5 22. Qxc7 Bxc7 23. Nf3 Ne4 24. Ne5 Rb6 25. Nd7 Rd6 26. Nc5 Nxc5
27. dxc5 Rd8 28. b4 Kf8 29. g3 Ke7 30. f4 Kd7 31. Kf2 Kc6 32. Re3 Be4 33. h4
Ra8 34. a3 f6 35. Rd4 e5 36. fxe5 Bxe5 37. Rd1 h5 38. Ke1 a5 39. Kd2 axb4 40.
axb4 f5 41. Rf1 Ra2+ 42. Ke1 Rc2 43. Rxf5 Bxc3+ 44. Rxc3 Rxc3 45. Rxh5 Rxg3 46.
Kd2 g6 47. Re5 Rg4 48. Re6+ Kd7 49. c6+ Kxe6 50. c7 Kd7 0-1

[Event "Detroit (Class DE/1/18)"]
[Site "?"]
[Date "1994.??.??"]
[Round "?"]
[White "Holland, K."]
[Black "Sansone, W."]
[Result "0-1"]
[WhiteElo "1605"]
[BlackElo "1605"]
[PlyCount "38"]
[EventDate "1994.??.??"]

{1/(18)} 1. d4 Nf6 2. Nf3 g6 3. Bg5 Bg7 4. e3 O-O 5. Nbd2 d6 6. Be2 Nbd7 7. O-O
c5 8. c3 b6 9. a3 Bb7 10. b4 Rc8 11. Rb1 Ne4 12. bxc5 Nxd2 13. Nxd2 dxc5 14.
Qa4 Bc6 15. Bb5 Bxb5 16. Rxb5 cxd4 17. cxd4 Qc7 18. Nb3 e5 19. Rc1 Qxc1+ 0-1

[Event "Detroit (WCO/3/17)"]
[Site "?"]
[Date "1994.??.??"]
[Round "?"]
[White "Holland, K."]
[Black "Salami, Samer"]
[Result "0-1"]
[WhiteElo "1605"]
[BlackElo "1605"]
[PlyCount "34"]
[EventDate "1994.??.??"]

{3/(17)} 1. d4 d5 2. Nf3 Nc6 3. c3 Bg4 4. Bg5 Nf6 5. Nbd2 Bxf3 6. gxf3 e5 7. e3
exd4 8. exd4 Be7 9. Qb3 h6 10. Bxf6 Bxf6 11. Qxb7 Ne7 12. Bb5+ Kf8 13. O-O-O g6
14. f4 Kg7 15. Ba4 Qd6 16. Bc2 Rab8 17. Ne4 Qxf4+ 0-1